[Event "Wroclaw Anderssen Memorial"]
[Site "Wroclaw"]
[Date "2021.07.31"]
[Round "6"]
[White "Hasterok, Lukasz"]
[Black "Leipert, Pieter"]
[Result "1/2-1/2"]
[WhiteElo "1637"]
[BlackElo "1951"]
[PlyCount "107"]
[EventDate "2021.07.31"]
[EventType "swiss (rapid)"]
[EventRounds "9"]
[EventCountry "POL"]
[SourceTitle "CBM 203 Extra"]
[Source "ChessBase"]
[SourceDate "2021.09.30"]
[SourceVersion "1"]
[SourceVersionDate "2021.09.30"]
[SourceQuality "1"]

1. d4 e6 2. Nf3 d5 3. Bf4 Nf6 4. e3 Bd6 5. Bg3 0-0 6. Nbd2 Nbd7 7. Bd3 Re8 8. c3 e5 9. dxe5 Nxe5 10. Nxe5 Bxe5 11. Nf3 Bd6 12. 0-0 Bg4 13. Be2 c6 14. Qb3 Rb8 15. Bxd6 Qxd6 16. Rad1 Qc7 17. c4 dxc4 18. Bxc4 b5 19. Be2 a6 20. Nd4 Bxe2 21. Nxe2 c5 22. Nf4 c4 23. Qc3 b4 24. Qc2 h6 25. Nd5 Nxd5 26. Rxd5 Red8 27. Rfd1 Rxd5 28. Rxd5 Rc8 29. f3 a5 30. Qf5 g6 31. Qc2 Qb6 32. Kf2 Re8 33. Qxc4 Qxe3+ 34. Kg3 Qe1+ 35. Kh3 Qe6+ 36. Kg3 h5 37. Qe4 h4+ 38. Kf2 Qb6+ 39. Qd4 Qe6 40. Qd2 Rc8 41. Rd8+ Rxd8 42. Qxd8+ Kg7 43. Qd4+ Kg8 44. Qxh4 Qe5 45. Qd8+ Kg7 46. Qd2 Qxh2 47. Qd4+ Kh7 48. Qd5 Qh4+ 49. Ke2 Qe7+ 50. Kd3 Qa7 51. Qd4 Qa6+ 52. Ke3 Qe6+ 53. Kd3 Qxa2 54. Qh4+ 1/2-1/2

[Event "Wroclaw Anderssen Memorial"]
[Site "Wroclaw"]
[Date "2021.07.31"]
[Round "8"]
[White "Jaworski, Tymon"]
[Black "Leipert, Pieter"]
[Result "1-0"]
[WhiteElo "1616"]
[BlackElo "1951"]
[PlyCount "57"]
[EventDate "2021.07.31"]
[EventType "swiss (rapid)"]
[EventRounds "9"]
[EventCountry "POL"]
[SourceTitle "CBM 203 Extra"]
[Source "ChessBase"]
[SourceDate "2021.09.30"]
[SourceVersion "1"]
[SourceVersionDate "2021.09.30"]
[SourceQuality "1"]

1. d4 e6 2. Nf3 Nf6 3. Bf4 d5 4. e3 Bd6 5. Bg3 0-0 6. Nbd2 Nbd7 7. Bd3 Re8 8. Ne5 Nf8 9. 0-0 N6d7 10. f4 f6 11. Nef3 e5 12. fxe5 fxe5 13. dxe5 Nxe5 14. Nxe5 Bxe5 15. Bxe5 Rxe5 16. Qf3 Be6 17. e4 dxe4 18. Nxe4 Qd4+ 19. Qf2 Rxe4 20. Bxe4 Qxe4 21. Rae1 Qc6 22. b3 Rd8 23. Re3 Ng6 24. Qe2 Bf7 25. c4 Qc5 26. Kh1 Rf8 27. Rd3 Re8 28. Qd1 Qe7 29. Rd4 1-0

[Event "Wroclaw Anderssen Memorial"]
[Site "Wroclaw"]
[Date "2021.07.31"]
[Round "1"]
[White "Leipert, Pieter"]
[Black "Frac, Piotr"]
[Result "1-0"]
[WhiteElo "1951"]
[BlackElo "1090"]
[PlyCount "35"]
[EventDate "2021.07.31"]
[EventType "swiss (rapid)"]
[EventRounds "9"]
[EventCountry "POL"]
[SourceTitle "CBM 203 Extra"]
[Source "ChessBase"]
[SourceDate "2021.09.30"]
[SourceVersion "1"]
[SourceVersionDate "2021.09.30"]
[SourceQuality "1"]

1. d4 Nf6 2. Nf3 e6 3. Bf4 d5 4. e3 Be7 5. Bd3 0-0 6. 0-0 Nbd7 7. Nbd2 c5 8. c3 a6 9. a4 b6 10. Ne5 Nxe5 11. dxe5 Nd7 12. Bg3 Bb7 13. f4 Bh4 14. Qh5 h6 15. Bxh4 Qc7 16. Rf3 Kh8 17. Bf6 Rg8 18. Qxh6# 1-0

[Event "Sachsen-ch"]
[Site "Leipzig"]
[Date "2018.11.04"]
[Round "5"]
[White "Leipert, Pieter"]
[Black "Krien, Hartmut"]
[Result "1-0"]
[WhiteElo "1765"]
[BlackElo "1916"]
[PlyCount "97"]
[EventDate "2018.11.02"]
[EventType "swiss"]
[EventRounds "6"]
[EventCountry "GER"]
[SourceTitle "CBM 187 Extra"]
[Source "ChessBase"]
[SourceDate "2018.11.04"]
[SourceVersion "1"]
[SourceVersionDate "2018.11.04"]
[SourceQuality "1"]

1. d4 Nf6 2. Nf3 g6 3. Bf4 Bg7 4. e3 0-0 5. Bd3 d6 6. Nbd2 Nh5 7. Bg3 c5 8. c3 Bg4 9. Bh4 Re8 10. Bc4 Bf6 11. Qb3 Rf8 12. Bd5 Bc8 13. g4 Bxg4 14. Qxb7 Bxh4 15. Nxh4 e6 16. Bg2 Qxh4 17. Qxa8 cxd4 18. cxd4 d5 19. Qxa7 Nc6 20. Qb6 Ne7 21. h3 Ng3 22. hxg4 Nxh1 23. Bxh1 Qxh1+ 24. Nf1 Qf3 25. Qc7 Qf6 26. a4 Rc8 27. Qf4 Qxf4 28. exf4 Rc4 29. a5 Rxd4 30. a6 Nc8 31. Rc1 Na7 32. Rc7 Nb5 33. Rb7 Ra4 34. Rxb5 Rxa6 35. b4 Ra1+ 36. Ke2 Rb1 37. Nd2 Rb2 38. Rb8+ Kg7 39. g5 h5 40. gxh6+ Kxh6 41. Kd3 g5 42. Kc3 Ra2 43. fxg5+ Kxg5 44. b5 e5 45. b6 d4+ 46. Kb3 Rxd2 47. Rg8+ Kf4 48. b7 Rd1 49. Kc2 1-0

[Event "Sachsen-ch"]
[Site "Leipzig"]
[Date "2018.11.02"]
[Round "1"]
[White "Leipert, Pieter"]
[Black "Wichmann, Cliff"]
[Result "1/2-1/2"]
[WhiteElo "1765"]
[BlackElo "2266"]
[PlyCount "40"]
[EventDate "2018.11.02"]
[EventType "swiss"]
[EventRounds "6"]
[EventCountry "GER"]
[SourceTitle "CBM 187 Extra"]
[Source "ChessBase"]
[SourceDate "2018.11.04"]
[SourceVersion "1"]
[SourceVersionDate "2018.11.04"]
[SourceQuality "1"]

1. d4 d5 2. Nf3 Nf6 3. Bf4 c5 4. c3 Qb6 5. Qb3 c4 6. Qc2 Nc6 7. Nbd2 Bg4 8. e3 e6 9. b3 Bf5 10. Qd1 cxb3 11. Qxb3 Be7 12. Be2 0-0 13. 0-0 h6 14. h3 Rfc8 15. Rfc1 Nd7 16. c4 dxc4 17. Nxc4 Qb4 18. Ne1 Nb6 19. Bd3 Nxc4 20. Rxc4 Qxb3 1/2-1/2